[Event "Kuwait Hala op"]
[Site "Kuwait"]
[Date "2016.02.18"]
[Round "4"]
[White "Alhasan, Hasan"]
[Black "Alajmi, Abdulrahman"]
[Result "1-0"]
[WhiteElo "1676"]
[BlackElo "1526"]
[PlyCount "53"]
[EventDate "2016.02.17"]
[EventType "swiss"]
[EventRounds "7"]
[EventCountry "KUW"]
[SourceTitle "EXT 2018"]
[Source "ChessBase"]
[SourceDate "2017.10.13"]
[SourceVersion "1"]
[SourceVersionDate "2017.10.13"]
[SourceQuality "1"]

1. d4 d5 2. Nf3 Bf5 3. c4 Nf6 4. e3 Nc6 5. Qb3 Rb8 6. Nc3 e6 7. a3 a6 8. Be2 Be7 9. 0-0 0-0 10. cxd5 Nxd5 11. e4 Nxc3 12. bxc3 Bxe4 13. Be3 Bf6 14. Rfd1 Qe7 15. Nd2 b5 16. Nxe4 Na5 17. Qb4 Nc4 18. Bxc4 bxc4 19. Qxc4 Rb5 20. a4 Rh5 21. Bc1 Bh4 22. Ba3 Bxf2+ 23. Nxf2 Qh4 24. Nh3 Rd8 25. Qxc7 Re8 26. Qf4 Qf6 27. Qxf6 1-0